| 000 | 00774pam a2200265 a 4500 | ||
|---|---|---|---|
| 005 | 20260322212012.0 | ||
| 008 | data | ||
| 010 | _a 89020235 | ||
| 020 | _a0816511500 (alk. paper) | ||
| 020 | _a9780816511501 (alk. paper) | ||
| 040 |
_aDLC _cDLC _dDLC |
||
| 043 | _an-ust-- | ||
| 050 | 0 | 0 |
_aQH104.5.S58 _bA42 1990 |
| 082 | 0 | 0 |
_a574.5/2652/0979173 _220 |
| 092 | _a574.5 A42 1990 | ||
| 100 | 1 |
_aAlcock, John, _d1942- |
|
| 245 | 1 | 0 |
_aSonoran Desert summer / _cJohn Alcock. |
| 260 |
_aTucson : _bUniversity of Arizona Press, _cc1990. |
||
| 300 |
_ax, 187 p. : _bill. ; _c22 cm. |
||
| 504 | _aIncludes bibliographical references (p. [177]-183). | ||
| 650 | 0 |
_aDesert ecology _zSonoran Desert. |
|
| 650 | 0 |
_aSummer _zSonoran Desert. |
|
| 651 | 0 | _aSonoran Desert. | |
| 001 | data | ||
| 999 |
_c249 _d249 |
||